Výnosové metódy ohodnotenia podniku využívané vo svete diplomová práca

Salvato in:
Dettagli Bibliografici
Autore principale: Handzušová, Jana
Ente Autore: Ekonomická univerzita v Bratislave. Fakulta podnikového manažmentu
Altri autori: Kardoš, Peter
Natura: Libro
Lingua:slovacco
Pubblicazione: Bratislava 2010
Tags: Aggiungi Tag
Nessun Tag, puoi essere il primo ad aggiungerne!!

MARC

LEADER 00000nam a2200000 4500
001 0122477
005 20240318123816.9
041 0 |a slo 
044 |a SK 
245 1 0 |a Výnosové metódy ohodnotenia podniku využívané vo svete  |b diplomová práca  |c Jana Handzušová ; škol. Peter Kardoš 
264 1 |a Bratislava  |c 2010 
100 1 |a Handzušová, Jana 
700 1 |a Kardoš, Peter 
710 2 |a Ekonomická univerzita v Bratislave. Fakulta podnikového manažmentu